Régi idők mozija

Bibliographic Details
Main Author: Csanda, Gábor, 1963- (Author)
Format: Article
Language:Hungarian
Subjects:

MARC

LEADER 00000nab a2200000 ar4500
001 vtls009003112
003 SK-MaSNL
005 20260319071253.0
008 070411c20070405xo |||||||| 000 b|hun
015 |a SNBRB2007/04  |2 snkbucl 
038 |a SNKBUCL 
040 |a DSZK  |b slo  |c DSZK  |e AACR2 
041 0 |a hun 
044 |a xo  |c SK 
080 |a 821.511.141 (437.6)-92=511.141  |2 1997 
100 1 |a Csanda, Gábor,  |d 1963-  |4 aut  |9 98659 
245 1 0 |a Régi idők mozija  |c Csanda Gábor 
650 0 7 |a publicistické glosy, maďarské  |2 snkbucl  |9 73730 
773 0 |t Új szó  |g Évf. 60, sz. 80 (5.4.2007), o. 7 
852 |a SNK  |b KIS3GCP 
852 |a DSZK  |b KIS3GCP 
958 |a HU 
958 |a SK 
958 |a LX 
999 |c 1751612  |d 1753542